[Event "21. Ciutat de Montcada 2013"]
[Site "Montcada i Reixac ESP"]
[Date "2013.06.25"]
[Round "1.1"]
[White "Nisipeanu, Liviu-Dieter"]
[Black "Nicolas Zapata, Irene"]
[Result "1/2-1/2"]
[WhiteElo "2667"]
[BlackElo "2283"]
[PlyCount "67"]
[EventDate "2013.06.25"]
[EventType "swiss"]
[EventRounds "9"]
[EventCountry "ESP"]
[Source "lmi"]
[SourceDate "2013.06.25"]

1. d4 Nf6 2. c4 e6 3. Nc3 Bb4 4. e3 b6 5. Nge2 Ne4 6. Bd2 Nxd2 7. Qxd2 Bb7 8.
a3 Be7 9. d5 a5 10. Nb5 O-O 11. d6 cxd6 12. Nxd6 Bc6 13. Nc3 Na6 14. Rd1 f5 15.
Ndb5 Bg5 16. Nd4 Bb7 17. Nf3 Bxf3 18. gxf3 f4 19. Ne4 fxe3 20. Qxd7 Qxd7 21.
Rxd7 Bh4 22. Rg1 g5 23. Rd3 Rxf3 24. Ke2 Rf4 25. Rxe3 Raf8 26. f3 Nc5 27. Nxg5
Bxg5 28. Rxg5+ Kh8 29. b4 axb4 30. axb4 Na6 31. b5 Nc5 32. Rg4 Rxg4 33. fxg4
Rf4 34. h3 1/2-1/2

[Event "21. Ciutat de Montcada 2013"]
[Site "Montcada i Reixac ESP"]
[Date "2013.06.25"]
[Round "1.2"]
[White "Gallart Zafra, Jaume"]
[Black "Peralta, Fernando"]
[Result "0-1"]
[WhiteElo "2279"]
[BlackElo "2622"]
[PlyCount "44"]
[EventDate "2013.06.25"]
[EventType "swiss"]
[EventRounds "9"]
[EventCountry "ESP"]
[Source "lmi"]
[SourceDate "2013.06.25"]

1. e4 c6 2. d4 d5 3. Nc3 dxe4 4. Nxe4 Bf5 5. Ng3 Bg6 6. N1e2 e6 7. Nf4 Bd6 8.
Be3 Nf6 9. h4 Bxf4 10. Bxf4 h6 11. Bc4 Nbd7 12. Qd2 O-O 13. Ne2 b5 14. Bb3 c5
15. a4 Ne4 16. Qe3 cxd4 17. Qxd4 e5 18. Bxe5 Nxe5 19. Qxe5 Re8 20. Qxb5 Qd2+
21. Kf1 Rab8 22. Qd5 Rbd8 0-1

[Event "21. Ciutat de Montcada 2013"]
[Site "Montcada i Reixac ESP"]
[Date "2013.06.25"]
[Round "1.3"]
[White "Ortiz Suarez, Isan Reynaldo"]
[Black "Abhishek, Kelkar"]
[Result "1-0"]
[WhiteElo "2612"]
[BlackElo "2274"]
[PlyCount "133"]
[EventDate "2013.06.25"]
[EventType "swiss"]
[EventRounds "9"]
[EventCountry "ESP"]
[Source "lmi"]
[SourceDate "2013.06.25"]

1. e4 e5 2. Nf3 Nc6 3. Bb5 a6 4. Ba4 Nf6 5. d3 d6 6. O-O g6 7. h3 Bg7 8. c4 O-O
9. Nc3 h6 10. Be3 Nh5 11. Qd2 Nd4 12. Bd1 Kh7 13. Nh2 Qh4 14. Nd5 c6 15. Nb6
Rb8 16. Nxc8 Rbxc8 17. Bxh5 gxh5 18. f4 f5 19. Kh1 fxe4 20. dxe4 c5 21. Nf3 Qe7
22. f5 b5 23. Qd3 Qb7 24. Nd2 Bf6 25. a4 b4 26. Rg1 Rg8 27. Nf1 Rg7 28. Bf2 Bg5
29. h4 Bf6 30. Ne3 Rcg8 31. Nd5 Qf7 32. g3 Qf8 33. Bxd4 cxd4 34. c5 Rg4 35.
Qxa6 Bxh4 36. Qxd6 Qg7 37. f6 Qg6 38. Qe7+ Kh8 39. Qxe5 Rxe4 40. Nf4 Qh7 41.
Qd5 Bxf6 42. Rae1 Rxe1 43. Rxe1 h4 44. Qd6 Qf5 45. Qe6 Qg5 46. Nh3 Qg7 47. Rf1
Rf8 48. gxh4 d3 49. Rg1 d2 50. Nf2 Qh7 51. Qd6 Bg7 52. Qxd2 Qf5 53. Rg2 Qb1+
54. Rg1 Qf5 55. Rg2 Qb1+ 56. Qd1 Qxb2 57. Nd3 Qd4 58. Qg4 Rf1+ 59. Kh2 Qa1 60.
c6 Rh1+ 61. Kg3 Be5+ 62. Kf3 Rf1+ 63. Ke3 Bg7 64. c7 Re1+ 65. Re2 Rxe2+ 66.
Kxe2 Qa2+ 67. Ke3 1-0

[Event "21. Ciutat de Montcada 2013"]
[Site "Montcada i Reixac ESP"]
[Date "2013.06.25"]
[Round "1.5"]
[White "Aroshidze, Levan"]
[Black "Cruz Lledo, Pablo"]
[Result "1/2-1/2"]
[WhiteElo "2568"]
[BlackElo "2258"]
[PlyCount "110"]
[EventDate "2013.06.25"]
[EventType "swiss"]
[EventRounds "9"]
[EventCountry "ESP"]
[Source "lmi"]
[SourceDate "2013.06.25"]

1. e4 c6 2. d4 d5 3. e5 Bf5 4. Nf3 e6 5. Be2 Nd7 6. O-O Ne7 7. Nh4 c5 8. c3
Bxb1 9. Rxb1 Nc6 10. g3 Be7 11. Ng2 O-O 12. Be3 Rc8 13. Nf4 Re8 14. h4 Bf8 15.
a3 cxd4 16. cxd4 Na5 17. Bd3 Nc4 18. Qh5 g6 19. Qf3 Bg7 20. h5 Nxe3 21. fxe3
Qg5 22. hxg6 fxg6 23. Nxg6 Rf8 24. Nf4 Bxe5 25. dxe5 Nxe5 26. Qe2 Qxg3+ 27. Qg2
Qxg2+ 28. Kxg2 Rxf4 29. Bxh7+ Kxh7 30. Rxf4 Rg8+ 31. Kh3 Rg5 32. b3 Kg6 33.
Rbf1 Rh5+ 34. Rh4 Rg5 35. Rf8 Kg7 36. Rb8 Ng6 37. Rg4 Rh5+ 38. Kg2 Kf6 39. Rxb7
Nh4+ 40. Kf2 Nf5 41. Rxa7 Rh2+ 42. Rg2 Rh3 43. Ra8 Ke5 44. Rg5 Ke4 45. Re8 Rf3+
46. Kg1 e5 47. Rg4+ Kd3 48. Rxe5 Nxe3 49. Rg8 d4 50. Rc5 Ke2 51. Rd8 d3 52. Re5
d2 53. a4 Rf1+ 54. Kh2 d1=Q 55. Rxd1 Rxd1 1/2-1/2

[Event "21. Ciutat de Montcada 2013"]
[Site "Montcada i Reixac ESP"]
[Date "2013.06.25"]
[Round "1.6"]
[White "Garcia, Eduardo"]
[Black "Gleizerov, Evgeny"]
[Result "1-0"]
[WhiteElo "2254"]
[BlackElo "2553"]
[PlyCount "47"]
[EventDate "2013.06.25"]
[EventType "swiss"]
[EventRounds "9"]
[EventCountry "ESP"]
[Source "lmi"]
[SourceDate "2013.06.25"]

1. e4 e6 2. d4 d5 3. e5 c5 4. c3 Nc6 5. Nf3 Bd7 6. Be2 Nge7 7. Na3 Nf5 8. Nc2
cxd4 9. cxd4 Rc8 10. O-O Qb6 11. Kh1 Na5 12. Rb1 Bb5 13. Ne3 Nxe3 14. Bxe3 Be7
15. Bxb5+ Qxb5 16. Ng5 Bxg5 17. Bxg5 Nc6 18. b4 O-O 19. Rb3 Nxd4 20. Rd3 Rc4
21. Rg1 Qxb4 22. Qh5 g6 23. Qxh7+ Kxh7 24. Rh3+ 1-0

[Event "21. Ciutat de Montcada 2013"]
[Site "Montcada i Reixac ESP"]
[Date "2013.06.25"]
[Round "1.7"]
[White "Cori, Jorge"]
[Black "Capellades Subirana, Marc"]
[Result "1-0"]
[WhiteElo "2549"]
[BlackElo "2245"]
[PlyCount "81"]
[EventDate "2013.06.25"]
[EventType "swiss"]
[EventRounds "9"]
[EventCountry "ESP"]
[Source "lmi"]
[SourceDate "2013.06.25"]

1. d4 Nf6 2. c4 e6 3. Nf3 Bb4+ 4. Bd2 Bxd2+ 5. Qxd2 b6 6. g3 Bb7 7. Bg2 Ne4 8.
Qc2 Ng5 9. Nbd2 Nxf3+ 10. Nxf3 f5 11. d5 Qf6 12. O-O O-O 13. Rad1 e5 14. c5 e4
15. Nd4 Bxd5 16. Nb5 Qc6 17. Nxc7 Qxc7 18. Rxd5 Nc6 19. cxb6 axb6 20. Rfd1 Rf7
21. Qc4 Kf8 22. g4 Ra5 23. gxf5 Rxd5 24. Rxd5 Qf4 25. e3 Qg5 26. Qxe4 Re7 27.
Qf3 Qf6 28. Rb5 Nd4 29. exd4 Re1+ 30. Bf1 Qg5+ 31. Qg3 Rxf1+ 32. Kxf1 Qc1+ 33.
Ke2 Qc2+ 34. Ke3 Qc1+ 35. Ke4 Qb1+ 36. Kf4 Qc1+ 37. Qe3 Qg1 38. Rxb6 Qxh2+ 39.
Qg3 g5+ 40. Kxg5 Qh1 41. Qa3+ 1-0

[Event "21. Ciutat de Montcada 2013"]
[Site "Montcada i Reixac ESP"]
[Date "2013.06.25"]
[Round "1.8"]
[White "Thakur, Akash"]
[Black "Narciso Dublan, Marc"]
[Result "1/2-1/2"]
[WhiteElo "2215"]
[BlackElo "2536"]
[PlyCount "93"]
[EventDate "2013.06.25"]
[EventType "swiss"]
[EventRounds "9"]
[EventCountry "ESP"]
[Source "lmi"]
[SourceDate "2013.06.25"]

1. e4 e6 2. d4 d5 3. exd5 exd5 4. Bd3 c5 5. c3 Nc6 6. Nf3 cxd4 7. Nxd4 Nf6 8.
O-O Be7 9. Re1 O-O 10. Bg5 h6 11. Bh4 Bg4 12. Qa4 Bd7 13. Nf5 Bxf5 14. Bxf5 Qb6
15. Qb3 Rfd8 16. Nd2 d4 17. Nf3 dxc3 18. bxc3 Nd5 19. Qxb6 axb6 20. c4 Nf6 21.
Rab1 Bc5 22. Bxf6 gxf6 23. Re2 Ra4 24. Bc2 Rxc4 25. Bb3 Rf4 26. Rd1 Rxd1+ 27.
Bxd1 Kf8 28. Rd2 Ne5 29. Nxe5 fxe5 30. g3 Rf6 31. Kg2 e4 32. Bb3 Rf5 33. Re2
Re5 34. Bc2 f5 35. g4 fxg4 36. Rxe4 Rg5 37. Re6 h5 38. f3 Rd5 39. Re2 gxf3+ 40.
Kxf3 Bd6 41. Be4 Rd4 42. Bxb7 Rh4 43. Rb2 Rh3+ 44. Ke4 Bc7 45. Bc8 Rxh2 46.
Rxh2 Bxh2 47. Kf3 1/2-1/2

[Event "21. Ciutat de Montcada 2013"]
[Site "Montcada i Reixac ESP"]
[Date "2013.06.25"]
[Round "1.9"]
[White "Cabrera, Alexis"]
[Black "Navarrete Espi, Samuel"]
[Result "1-0"]
[WhiteElo "2525"]
[BlackElo "2214"]
[PlyCount "69"]
[EventDate "2013.06.25"]
[EventType "swiss"]
[EventRounds "9"]
[EventCountry "ESP"]
[Source "lmi"]
[SourceDate "2013.06.25"]

1. d4 Nf6 2. g3 g6 3. Bg2 d5 4. Nf3 Bg7 5. O-O O-O 6. c4 c6 7. b3 dxc4 8. bxc4
c5 9. Bb2 Qb6 10. Qb3 Nc6 11. d5 Na5 12. Qxb6 axb6 13. Nfd2 Rd8 14. Nc3 Bh6 15.
f4 Ng4 16. Nd1 Bg7 17. Rb1 Ra6 18. h3 Nh6 19. e4 Nc6 20. Nf3 Nb4 21. Bxg7 Kxg7
22. Nc3 Nxa2 23. Nxa2 Rxa2 24. Rf2 Ra4 25. Bf1 e6 26. g4 exd5 27. exd5 Rd6 28.
Rfb2 Ra3 29. Kf2 Ra6 30. Re1 Ng8 31. Re8 Bd7 32. Rd8 Nf6 33. Nd2 b5 34. g5 Nh5
35. Ne4 1-0

[Event "21. Ciutat de Montcada 2013"]
[Site "Montcada i Reixac ESP"]
[Date "2013.06.25"]
[Round "1.10"]
[White "Chalmeta Ugas, Jordi"]
[Black "Ulibin, Mikhail"]
[Result "0-1"]
[WhiteElo "2210"]
[BlackElo "2523"]
[PlyCount "52"]
[EventDate "2013.06.25"]
[EventType "swiss"]
[EventRounds "9"]
[EventCountry "ESP"]
[Source "lmi"]
[SourceDate "2013.06.25"]

1. d4 e6 2. c4 f5 3. Nf3 Nf6 4. g3 d5 5. Bg2 c6 6. O-O Bd6 7. b3 Qe7 8. a4 a5
9. Ba3 b6 10. Bxd6 Qxd6 11. Nbd2 Na6 12. Ne5 O-O 13. e3 c5 14. Ndf3 Nb4 15. Rc1
Ba6 16. Qd2 Rac8 17. Rfd1 Rc7 18. cxd5 exd5 19. dxc5 bxc5 20. Bf1 Bb7 21. Nc4
Qe7 22. Na3 d4 23. Bc4+ Kh8 24. Ng5 Ne4 25. Nxe4 Qxe4 26. f3 Qxf3 0-1

[Event "21. Ciutat de Montcada 2013"]
[Site "Montcada i Reixac ESP"]
[Date "2013.06.25"]
[Round "1.11"]
[White "Pancevski, Filip"]
[Black "Salazar, Aura Cristina"]
[Result "1-0"]
[WhiteElo "2513"]
[BlackElo "2200"]
[PlyCount "70"]
[EventDate "2013.06.25"]
[EventType "swiss"]
[EventRounds "9"]
[EventCountry "ESP"]
[Source "lmi"]
[SourceDate "2013.06.25"]

1. e4 c5 2. d3 g6 3. f4 Bg7 4. Nf3 e6 5. Be2 Ne7 6. O-O O-O 7. c3 d5 8. Be3 c4
9. e5 cxd3 10. Bxd3 b6 11. Qe2 Nd7 12. b4 Bb7 13. Nbd2 a5 14. Nb3 Qc8 15. Nbd4
Ba6 16. Nb5 Nc6 17. Qd2 Qb8 18. a3 Rc8 19. Rfe1 Bxb5 20. Bxb5 Rc7 21. Qf2 Bf8
22. Rac1 Qc8 23. Qb2 Rb8 24. Qf2 Qb7 25. Qe2 Na7 26. Bd3 b5 27. Nd4 Rbc8 28.
Rb1 Rxc3 29. bxa5 Rxa3 30. Nxb5 Nxb5 31. Rxb5 Qa8 32. Bb6 Nc5 33. Bb1 Na4 34.
Qf1 Qa6 35. Bd3 Nxb6 1-0

[Event "21. Ciutat de Montcada 2013"]
[Site "Montcada i Reixac ESP"]
[Date "2013.06.25"]
[Round "1.12"]
[White "Zapata, Karen"]
[Black "Guerra Mendez, Jose Angel"]
[Result "0-1"]
[WhiteElo "2180"]
[BlackElo "2505"]
[PlyCount "74"]
[EventDate "2013.06.25"]
[EventType "swiss"]
[EventRounds "9"]
[EventCountry "ESP"]
[Source "lmi"]
[SourceDate "2013.06.25"]

1. e4 c5 2. Nc3 d6 3. g3 Nc6 4. d3 g6 5. Bg2 Bg7 6. Be3 Nf6 7. h3 O-O 8. Nge2
Nd7 9. f4 Nd4 10. O-O Rb8 11. Qd2 b5 12. Nd1 b4 13. c3 bxc3 14. bxc3 Nxe2+ 15.
Qxe2 Ba6 16. Rc1 Rb6 17. c4 Nb8 18. e5 Bb7 19. d4 Bxg2 20. Qxg2 cxd4 21. Bxd4
Ra6 22. Qb7 dxe5 23. Bxa7 exf4 24. Bxb8 Rb6 25. Qe4 Qxb8 26. Qxf4 Be5 27. Qe4
Bxg3 28. Qxe7 Rb2 29. Qe4 Rxa2 30. Rc2 Re8 31. Qg2 Rxc2 32. Qxc2 Qc7 33. Qd3
Rd8 34. Qf3 Be5 35. Ne3 Bd4 36. Kg2 Bxe3 37. Qxe3 Qxc4 0-1

[Event "21. Ciutat de Montcada 2013"]
[Site "Montcada i Reixac ESP"]
[Date "2013.06.25"]
[Round "1.13"]
[White "Cruz, Cristhian"]
[Black "Martorell Aguado, Joan"]
[Result "1-0"]
[WhiteElo "2499"]
[BlackElo "2179"]
[PlyCount "66"]
[EventDate "2013.06.25"]
[EventType "swiss"]
[EventRounds "9"]
[EventCountry "ESP"]
[Source "lmi"]
[SourceDate "2013.06.25"]

1. Nf3 Nf6 2. c4 g6 3. b4 Bg7 4. Bb2 O-O 5. g3 d6 6. Bg2 e5 7. O-O Re8 8. d3
Nbd7 9. Nc3 h6 10. Nd2 Nf8 11. a4 Nh5 12. Nb3 f5 13. c5 Rb8 14. cxd6 cxd6 15.
Rc1 Re7 16. Ba3 Be6 17. b5 Rf7 18. d4 e4 19. d5 Bc8 20. Nd4 Be5 21. e3 Qf6 22.
Nb1 f4 23. Nc3 fxg3 24. hxg3 Bf5 25. Nxf5 Qxf5 26. Nxe4 Nf6 27. Nxd6 Bxd6 28.
Bxd6 Rd8 29. Bxf8 Rdxf8 30. Qd4 Ng4 31. Bh3 h5 32. f3 Qg5 33. fxg4 h4 1-0

[Event "21. Ciutat de Montcada 2013"]
[Site "Montcada i Reixac ESP"]
[Date "2013.06.25"]
[Round "1.14"]
[White "Dalo, Hermes"]
[Black "Perez Mitjans, Orelvis"]
[Result "0-1"]
[WhiteElo "2148"]
[BlackElo "2496"]
[PlyCount "57"]
[EventDate "2013.06.25"]
[EventType "swiss"]
[EventRounds "9"]
[EventCountry "ESP"]
[Source "lmi"]
[SourceDate "2013.06.25"]

1. d4 d5 2. c4 c6 3. Nf3 e6 4. e3 f5 5. Bd3 Nf6 6. O-O Bd6 7. b3 Ne4 8. Ba3
Bxa3 9. Nxa3 Nd7 10. Nb1 O-O 11. Nbd2 b6 12. Rc1 Bb7 13. Ne1 c5 14. f3 Nd6 15.
b4 Rc8 16. a3 cxd4 17. exd4 Qf6 18. Kh1 Qxd4 19. Nb3 Qe3 20. Nc2 Qh6 21. cxd5
Bxd5 22. Ba6 Rc3 23. Ncd4 Rxc1 24. Qxc1 Nb8 25. Be2 e5 26. Qxh6 gxh6 27. Rd1
exd4 28. Rxd4 Bxb3 29. Rxd6 0-1

[Event "21. Ciutat de Montcada 2013"]
[Site "Montcada i Reixac ESP"]
[Date "2013.06.25"]
[Round "1.15"]
[White "Flores Rios, Mauricio"]
[Black "Amores Gago, Javier"]
[Result "1-0"]
[WhiteElo "2492"]
[BlackElo "2142"]
[PlyCount "71"]
[EventDate "2013.06.25"]
[EventType "swiss"]
[EventRounds "9"]
[EventCountry "ESP"]
[Source "lmi"]
[SourceDate "2013.06.25"]

1. d4 d6 2. Nf3 Nf6 3. c4 Bg4 4. g3 Bxf3 5. exf3 g6 6. Bg2 Bg7 7. f4 c6 8. Nc3
O-O 9. O-O Qd7 10. Re1 Re8 11. Rb1 d5 12. c5 Na6 13. b4 Nc7 14. a4 a6 15. h3
Rad8 16. Be3 Ne4 17. Ne2 Rb8 18. f3 Nf6 19. g4 b5 20. a5 Qd8 21. Ng3 Nd7 22.
Bf1 f6 23. f5 e5 24. fxe6 Nxe6 25. Kg2 Qc7 26. Qd2 Re7 27. Bd3 Rbe8 28. Bc2
Ndf8 29. h4 Kf7 30. Rf1 Qd7 31. Rbe1 f5 32. gxf5 Nxd4 33. Bxd4 Rxe1 34. Rxe1
Rxe1 35. Bxg7 Re7 36. Qh6 1-0

[Event "21. Ciutat de Montcada 2013"]
[Site "Montcada i Reixac ESP"]
[Date "2013.06.25"]
[Round "1.16"]
[White "Juan Bartroli, Pau"]
[Black "Asis Gargatagli, Hipolito"]
[Result "0-1"]
[WhiteElo "2142"]
[BlackElo "2490"]
[PlyCount "87"]
[EventDate "2013.06.25"]
[EventType "swiss"]
[EventRounds "9"]
[EventCountry "ESP"]
[Source "lmi"]
[SourceDate "2013.06.25"]

1. d4 Nf6 2. c4 c5 3. d5 e6 4. Nc3 exd5 5. cxd5 d6 6. e4 g6 7. Bd3 Bg7 8. h3 a6
9. a4 Nbd7 10. Nf3 Nh5 11. g4 Nhf6 12. Bf4 Qe7 13. Qe2 O-O 14. O-O h5 15. Nd2
hxg4 16. hxg4 Ne5 17. f3 Nfd7 18. Kg2 g5 19. Bg3 Ng6 20. Nc4 Be5 21. Nxe5 Ndxe5
22. Rh1 Bd7 23. Qe3 Kg7 24. Rh3 f6 25. Rah1 Rh8 26. Rxh8 Rxh8 27. Rxh8 Kxh8 28.
Be2 Qd8 29. b3 Qa5 30. Nb1 b5 31. Qc3 Qb6 32. a5 Qd8 33. b4 cxb4 34. Qxb4 Qc7
35. Qc3 Qd8 36. Na3 Kg7 37. Nc2 Kf7 38. Nd4 Ke7 39. Kg1 Nf4 40. Bf2 Neg6 41.
Be3 Kf7 42. Bxf4 gxf4 43. Qd2 Qc7 44. Nf5 0-1

[Event "21. Ciutat de Montcada 2013"]
[Site "Montcada i Reixac ESP"]
[Date "2013.06.25"]
[Round "1.17"]
[White "Moreno Ruiz, Javier"]
[Black "Aryan, Chopra"]
[Result "1-0"]
[WhiteElo "2486"]
[BlackElo "2122"]
[PlyCount "57"]
[EventDate "2013.06.25"]
[EventType "swiss"]
[EventRounds "9"]
[EventCountry "ESP"]
[Source "lmi"]
[SourceDate "2013.06.25"]

1. d4 d5 2. c4 c6 3. Nc3 Nf6 4. cxd5 cxd5 5. Bf4 Nc6 6. e3 a6 7. Be2 Bf5 8. Nf3
e6 9. Qb3 Ra7 10. Ne5 Nxe5 11. Bxe5 Nd7 12. Qa4 Qb6 13. O-O f6 14. Bg3 Qxb2 15.
Rfc1 Qa3 16. Qd1 Be7 17. Bg4 Bxg4 18. Qxg4 Kf7 19. Nxd5 h5 20. Qf3 b5 21. Nxe7
Qxe7 22. Rc6 h4 23. Bd6 Qd8 24. Rac1 Qa5 25. a3 h3 26. gxh3 g6 27. Rc7 Rha8 28.
Qc6 Ke8 29. Qxd7# 1-0

[Event "21. Ciutat de Montcada 2013"]
[Site "Montcada i Reixac ESP"]
[Date "2013.06.25"]
[Round "1.18"]
[White "Del Valle Cirera, Adria"]
[Black "Cuartas, Jaime Alexander"]
[Result "0-1"]
[WhiteElo "2118"]
[BlackElo "2484"]
[PlyCount "72"]
[EventDate "2013.06.25"]
[EventType "swiss"]
[EventRounds "9"]
[EventCountry "ESP"]
[Source "lmi"]
[SourceDate "2013.06.25"]

1. e4 c6 2. Nc3 d5 3. d4 dxe4 4. Nxe4 Nd7 5. Nf3 Ngf6 6. Nxf6+ Nxf6 7. Bc4 e6
8. Bf4 Be7 9. Qe2 O-O 10. O-O-O b5 11. Bd3 Bb7 12. Ne5 a5 13. Kb1 a4 14. g4 Nd5
15. Bd2 a3 16. b3 Bg5 17. c4 bxc4 18. Nxc4 Bxd2 19. Qxd2 Qf6 20. Ne5 c5 21. Bc2
cxd4 22. Qxd4 Rfc8 23. g5 Qe7 24. Nc4 Nb4 25. Rhe1 Nxc2 26. Kxc2 Ba6 27. Re4
Bxc4 28. bxc4 Qxg5 29. Rd3 g6 30. h4 Qf5 31. Rf4 e5 32. Rxf5 exd4 33. Rd5 Rxc4+
34. Kb3 Rc1 35. Rd7 Rb1+ 36. Kc4 Rb2 0-1

[Event "21. Ciutat de Montcada 2013"]
[Site "Montcada i Reixac ESP"]
[Date "2013.06.25"]
[Round "1.20"]
[White "Gutierrez Anso, Jose"]
[Black "Deepan, Chakkravarthy J"]
[Result "0-1"]
[WhiteElo "2096"]
[BlackElo "2468"]
[PlyCount "51"]
[EventDate "2013.06.25"]
[EventType "swiss"]
[EventRounds "9"]
[EventCountry "ESP"]
[Source "lmi"]
[SourceDate "2013.06.25"]

1. e4 c5 2. Nc3 a6 3. a4 Nc6 4. f4 e6 5. Nf3 d5 6. d3 g6 7. Be2 Bg7 8. O-O Nge7
9. Qe1 Nd4 10. Bd1 O-O 11. Nxd4 cxd4 12. Ne2 dxe4 13. dxe4 b6 14. Ra3 Bb7 15.
e5 Nf5 16. Qf2 f6 17. g4 Qd5 18. Ng3 Nxg3 19. Qxg3 fxe5 20. f5 exf5 21. Qb3 Kh8
22. Qxd5 Bxd5 23. g5 Rac8 24. Rh3 Rc7 25. Rh4 Kg8 26. b3 0-1

[Event "21. Ciutat de Montcada 2013"]
[Site "Montcada i Reixac ESP"]
[Date "2013.06.26"]
[Round "2.1"]
[White "Peralta, Fernando"]
[Black "Saptarshi, Roy"]
[Result "1-0"]
[WhiteElo "2622"]
[BlackElo "2447"]
[PlyCount "83"]
[EventDate "2013.06.25"]
[EventType "swiss"]
[EventRounds "9"]
[EventCountry "ESP"]
[Source "lmi"]
[SourceDate "2013.06.25"]

1. d4 d5 2. c4 e6 3. Nc3 c6 4. e3 Nd7 5. Qc2 Ngf6 6. Nf3 a6 7. b3 Bb4 8. Bd3
Ne4 9. Bb2 f5 10. O-O O-O 11. Ne2 Bd6 12. Ne5 Qh4 13. Nf4 g5 14. Nxe6 Rf6 15.
cxd5 cxd5 16. Nc7 Bxe5 17. dxe5 Rc6 18. Bxe4 Rxc2 19. Bxc2 Rb8 20. e6 Nc5 21.
Bxf5 Qh6 22. Be5 Bxe6 23. Nxe6 Re8 24. Nxc5 Rxe5 25. Bg4 Qg6 26. Rad1 Kg7 27.
Rd4 Qc2 28. Nd3 Re4 29. Bd1 Qc6 30. Nb4 Qc5 31. Nc2 h5 32. Rxe4 dxe4 33. Nd4
Qa3 34. Bxh5 Qxa2 35. Rc1 Kf6 36. g4 Qa5 37. Kg2 Ke7 38. Rc6 Kd7 39. Re6 Qc5
40. Bg6 a5 41. Bxe4 b5 42. Bc6+ 1-0

[Event "21. Ciutat de Montcada 2013"]
[Site "Montcada i Reixac ESP"]
[Date "2013.06.26"]
[Round "2.2"]
[White "Fluvia Poyatos, Jordi"]
[Black "Ortiz Suarez, Isan Reynaldo"]
[Result "0-1"]
[WhiteElo "2445"]
[BlackElo "2612"]
[PlyCount "78"]
[EventDate "2013.06.25"]
[EventType "swiss"]
[EventRounds "9"]
[EventCountry "ESP"]
[Source "lmi"]
[SourceDate "2013.06.25"]

1. e4 c5 2. Nf3 d6 3. d4 cxd4 4. Nxd4 Nf6 5. Nc3 a6 6. g3 g6 7. Bg2 Bg7 8. O-O
Bg4 9. Nce2 O-O 10. h3 Bd7 11. Re1 Nc6 12. Nxc6 bxc6 13. c4 Rb8 14. Nc3 Be6 15.
b3 Nxe4 16. Rxe4 Bxc3 17. Bh6 d5 18. Re3 Bg7 19. Bxg7 Kxg7 20. Qd4+ Kg8 21.
cxd5 Bxd5 22. Qa7 e6 23. Qxa6 Qf6 24. Qf1 Rb4 25. Qc1 Ra8 26. a4 Rxb3 27. Rxb3
Bxb3 28. Bxc6 Rc8 29. Ra3 Bd5 30. Rc3 Qe5 31. a5 Qc7 32. a6 Bxc6 33. a7 Qb7 34.
h4 h5 35. Rc5 Kh7 36. Rc3 Bh1 37. Kf1 Rxc3 38. Qxc3 Qxa7 39. f3 Qa2 0-1

[Event "21. Ciutat de Montcada 2013"]
[Site "Montcada i Reixac ESP"]
[Date "2013.06.26"]
[Round "2.3"]
[White "Burmakin, Vladimir"]
[Black "Cori T., Deysi"]
[Result "1-0"]
[WhiteElo "2575"]
[BlackElo "2437"]
[PlyCount "71"]
[EventDate "2013.06.25"]
[EventType "swiss"]
[EventRounds "9"]
[EventCountry "ESP"]
[Source "lmi"]
[SourceDate "2013.06.25"]

1. Nf3 Nf6 2. g3 g6 3. b3 Bg7 4. Bb2 d6 5. d4 O-O 6. Bg2 e5 7. dxe5 Ng4 8. h3
Nxe5 9. Nxe5 dxe5 10. Qxd8 Rxd8 11. Nd2 Na6 12. O-O-O Rb8 13. Nc4 Re8 14. g4
Be6 15. Na5 e4 16. Bxg7 Kxg7 17. Rhe1 Nb4 18. Rd4 c5 19. Rxe4 Nxa2+ 20. Kb2 Nb4
21. Nxb7 Rec8 22. Re5 c4 23. c3 Nc6 24. Bxc6 Rxc6 25. Na5 Rd6 26. b4 Rd2+ 27.
Kc1 Ra2 28. Rd1 Ra1+ 29. Kc2 Rxd1 30. Kxd1 Rd8+ 31. Ke1 Kf6 32. Rc5 Rd5 33. Rc7
h5 34. Nxc4 a6 35. f4 hxg4 36. hxg4 1-0

[Event "21. Ciutat de Montcada 2013"]
[Site "Montcada i Reixac ESP"]
[Date "2013.06.26"]
[Round "2.4"]
[White "Ducarmon, Quinten"]
[Black "Cori, Jorge"]
[Result "0-1"]
[WhiteElo "2436"]
[BlackElo "2549"]
[PlyCount "94"]
[EventDate "2013.06.25"]
[EventType "swiss"]
[EventRounds "9"]
[EventCountry "ESP"]
[Source "lmi"]
[SourceDate "2013.06.25"]

1. e4 c5 2. Nf3 e6 3. Nc3 a6 4. d4 cxd4 5. Nxd4 b5 6. Be2 Bb7 7. O-O Nc6 8. Re1
Rc8 9. Nxc6 Bxc6 10. Qd4 Nf6 11. e5 Nd5 12. Ne4 Qb6 13. Qxb6 Nxb6 14. Bd3 Be7
15. Bd2 f6 16. Nd6+ Bxd6 17. exd6 Nc4 18. Bxc4 bxc4 19. Ba5 Rb8 20. b3 Rb5 21.
Bc7 Kf7 22. f3 h5 23. Rad1 h4 24. h3 Rhh5 25. Rd4 Rhc5 26. Re2 g5 27. f4 cxb3
28. axb3 e5 29. fxe5 Rxe5 30. Rxe5 Rxe5 31. Rd2 Re1+ 32. Kf2 Rc1 33. Bd8 Kg6
34. Re2 f5 35. Rd2 Be4 36. Re2 Bc6 37. Be7 f4 38. Bd8 Kf5 39. Be7 Bb5 40. c4
Bc6 41. Ra2 g4 42. Ra5+ Ke6 43. hxg4 Rc2+ 44. Ke1 f3 45. Bxh4 fxg2 46. Bf2 Bf3
47. Bg3 g1=Q# 0-1

[Event "21. Ciutat de Montcada 2013"]
[Site "Montcada i Reixac ESP"]
[Date "2013.06.26"]
[Round "2.5"]
[White "Panelo, Marcelo"]
[Black "Cabrera, Alexis"]
[Result "1/2-1/2"]
[WhiteElo "2428"]
[BlackElo "2525"]
[PlyCount "118"]
[EventDate "2013.06.25"]
[EventType "swiss"]
[EventRounds "9"]
[EventCountry "ESP"]
[Source "lmi"]
[SourceDate "2013.06.25"]

1. d4 Nf6 2. c4 g6 3. Nc3 d5 4. Nf3 Bg7 5. Qb3 dxc4 6. Qxc4 O-O 7. e4 Bg4 8.
Be3 Nfd7 9. O-O-O Nc6 10. e5 a5 11. h3 Nb6 12. Qc5 Bxf3 13. gxf3 Nb4 14. h4
N6d5 15. h5 c6 16. hxg6 hxg6 17. Kb1 b6 18. Qc4 b5 19. Qc5 Nxc3+ 20. bxc3 Nd5
21. Bd2 Qd7 22. Bd3 Rfb8 23. Kc2 Rd8 24. Rh4 Bxe5 25. dxe5 Nb4+ 26. cxb4 Qxd3+
27. Kc1 axb4 28. Qe3 Rxa2 29. Qxd3 Rxd3 30. Rdh1 Ra1+ 31. Kc2 Rxh1 32. Rxh1
Rxf3 33. Be3 Rf5 34. Bd4 f6 35. Kd3 fxe5 36. Be3 e4+ 37. Kc2 c5 38. Kb3 Rd5 39.
Rh4 Rd3+ 40. Kb2 c4 41. Rxe4 Rb3+ 42. Kc2 Ra3 43. Re5 b3+ 44. Kb2 b4 45. Rb5
c3+ 46. Kb1 Ra4 47. Rb7 Kf7 48. Ra7 Rxa7 49. Bxa7 e5 50. Bc5 Ke6 51. Bxb4 c2+
52. Kb2 Kd5 53. Bd2 Kc4 54. Be3 e4 55. Bg5 Kd3 56. Kxb3 Ke2 57. Kxc2 Kxf2 58.
Kd2 Kf3 59. Bh6 g5 1/2-1/2

[Event "21. Ciutat de Montcada 2013"]
[Site "Montcada i Reixac ESP"]
[Date "2013.06.26"]
[Round "2.6"]
[White "Ulibin, Mikhail"]
[Black "Lorenzo De La Riva, Lazaro"]
[Result "0-1"]
[WhiteElo "2523"]
[BlackElo "2424"]
[PlyCount "96"]
[EventDate "2013.06.25"]
[EventType "swiss"]
[EventRounds "9"]
[EventCountry "ESP"]
[Source "lmi"]
[SourceDate "2013.06.25"]

1. d4 Nf6 2. c4 g6 3. Nc3 Bg7 4. e4 d6 5. Nf3 O-O 6. Be2 e5 7. O-O Nc6 8. d5
Ne7 9. Nd2 Ne8 10. b4 f5 11. c5 Nf6 12. f3 f4 13. Nc4 g5 14. a4 Ng6 15. cxd6
cxd6 16. Nb5 Ne8 17. Bd2 Rf6 18. Be1 Bd7 19. Na5 Qb8 20. Rc1 Bf8 21. Bf2 h5 22.
Qc2 Rf7 23. Nc7 Bxa4 24. Qxa4 Rxc7 25. Rxc7 Qxc7 26. Bb5 Nf6 27. Nxb7 g4 28.
Bc6 g3 29. hxg3 fxg3 30. Bxg3 h4 31. Bf2 Qg7 32. Be3 Rc8 33. Na5 Nf4 34. Qc2
N6h5 35. Nc4 Ng3 36. Re1 h3 37. Bxf4 h2+ 38. Kxh2 exf4 39. Rd1 Rc7 40. Kg1 Qh6
41. e5 Rg7 42. Kf2 Qh4 43. Rg1 dxe5 44. d6 Bxd6 45. Bd5+ Kh8 46. Ke1 Bxb4+ 47.
Nd2 Nf5+ 48. g3 Rxg3 0-1